Loading...
| Beliefs | 0 | 5 | 0 | 1 | 50 | 94 | 113.40 | 0 | 1 | 4.11 | 12.78 |
| Science - Biology | 0 | 4 | 0 | 0 | 40 | 92 | 110.50 | 0 | 1 | 2.86 | 12.88 |
| Science - Other | 0 | 3 | 2 | 0 | 20 | 85 | 103.67 | 0 | 1 | 3.25 | 9.18 |
| Literature - American | 1 | 0 | 0 | 0 | 15 | 95 | 95.00 | 1 | 1 | 2.23 | 7.14 |
| Fine Arts - Other Arts | 1 | 0 | 0 | 0 | 15 | 65 | 65.00 | 0 | 1 | 4.03 | 4.29 |
| History - European | 0 | 2 | 1 | 1 | 15 | 102 | 118.50 | 0 | 1 | 2.17 | 6.44 |
| Fine Arts - Classical Music and Opera | 0 | 1 | 0 | 0 | 10 | 136 | 136.00 | 0 | 0 | 0.20 | 1.43 |
| Social Science | 0 | 1 | 0 | 0 | 10 | 96 | 96.00 | 1 | 1 | 1.16 | 3.64 |
| Literature - World | 0 | 1 | 1 | 0 | 5 | 147 | 147.00 | 0 | 0 | 0.05 | 0.60 |
| History - Other | 0 | 1 | 1 | 0 | 5 | 92 | 92.00 | 0 | 0 | 4.96 | 11.67 |
| Literature - British | 0 | 0 | 0 | 0 | 0 | 0.00 | 0 | 0 | 0.00 | 0.00 | |
| Modern World | 0 | 1 | 2 | 0 | 0 | 105 | 105.00 | 0 | 0 | 4.00 | 14.58 |
| Science - Physics | 0 | 0 | 0 | 0 | 0 | 0.00 | 0 | 0 | 0.00 | 0.00 | |
| Science - Chemistry | 0 | 0 | 1 | 0 | -5 | 0.00 | 0 | 0 | 0.00 | 0.00 | |
| Other Academic | 0 | 0 | 1 | 0 | -5 | 0.00 | 0 | 0 | 0.00 | 0.00 | |
| History - World | 0 | 0 | 1 | 0 | -5 | 0.00 | 0 | 0 | 0.00 | 0.00 | |
| Visual Arts | 0 | 0 | 2 | 0 | -10 | 0.00 | 0 | 0 | 0.00 | 0.00 | |
| Philosophy | 0 | 0 | 3 | 0 | -15 | 0.00 | 0 | 0 | 0.00 | 0.00 | |
| History - American | 0 | 0 | 4 | 0 | -20 | 0.00 | 0 | 0 | 0.00 | 0.00 |